[Event "Foros Aerosvit"]
[Site "Foros"]
[Date "2007.06.22"]
[Round "5"]
[White "Karjakin, Sergey"]
[Black "Shirov, Alexei"]
[Result "1-0"]
[WhiteElo "2686"]
[BlackElo "2699"]
[Annotator "Marin,M"]
[PlyCount "89"]
[EventDate "2007.06.18"]
[EventType "tourn"]
[EventRounds "11"]
[EventCountry "UKR"]
[EventCategory "18"]
[SourceTitle "CBM 119"]
[Source "ChessBase"]
[SourceDate "2007.08.01"]
[SourceVersion "1"]
[SourceVersionDate "2007.08.01"]
[SourceQuality "1"]

1. e4 e5 2. Nf3 Nc6 3. Bb5 a6 4. Ba4 Nf6 5. O-O Bc5 6. c3 b5 7. Bb3 d6 8. a4
Bg4 {It might appear that pinning the knight is pointless if White has not
occupied the centre with d4 yet. However, White's previous move has created
some queenside weaknesses (the b3- and b4-squares in particular). If he wants
to "punish" the bishop move with h3, then the queen will be diverted away from
these squares, allowing Black to obtain counterplay.} 9. h3 Bxf3 10. Qxf3 Na5
11. Bc2 b4 12. Qd1 {To me, this move does not seem too logical. White returns
with his queen to her initial square after a loss of two tempi, without
contributing to the development of the queenside in any way.} (12. d3 {looks
more natural, preparing the development of the knight to d2, which would also
consolidate the control over the light squares that were slightly weakened by
the bold advance of the a-pawn.} Rb8 13. Nd2 O-O {From a static point of view,
White has a good position, but he is far behind in development. From this
confrontation of positional factors, very sharp play can arise.} 14. Kh1 $5 {
This move was invented by Ponomariov and has caused Black repeated upsets.} ({
Ponomariov's first experience with this line went} 14. Qe2 Re8 {and only now}
15. Kh1 {. However, the opposition of the white queen with the black king's
rook allows} bxc3 16. bxc3 d5 {in a favourable form, because White cannot
react with d4.} 17. Rb1 Rxb1 18. Bxb1 d4 19. Bb2 Qd7 $132 {Black has a good
development of pieces and a firm control over the dark squares in the centre
and on the queenside, Ponomariov,R (2684)-Ehlvest,J (2627)/Kramatorsk 2001/CBM
086 (1/2-1/2, 48)}) (14. Re1 Qd7 15. Qd1 d5 $6 16. d4 $1 $36 {led to
initiative for White in Berescu,A (2491)-Malaniuk,V (2511)/Predeal 2006/CBM
113 ext (1/2-1/2, 21), but the preliminary 15...Re8 was better.}) 14... Re8 (
14... d5 $6 {is premature because of} 15. d4 $1 {. The capture on d4 is
answered by e5, while after} bxc3 16. bxc3 Bd6 17. exd5 exd4 18. cxd4 $14 {
White was a pawn up in Ponomariov,R (2723)-Onischuk,A (2650)/Poikovsky 2006/
CBM 112 (1-0, 66)}) 15. Qd1 d5 {Now that the e5-square is covered, the
counterblow d3-d4 is less effective because of ...exd4. White decides to hit
from the other side.} 16. f4 $5 dxe4 17. fxe5 exd3 18. exf6 dxc2 19. Qxc2 Qd5
20. c4 Qc6 {Black has a considerable advantage in development and has the
better chances, but faces some kingside inconvenience. This latter detail
makes the position quite tricky.} 21. Qf5 (21. fxg7 Re2 22. Rf3 Qg6 $15) 21...
g6 $1 (21... Re6 $2 22. fxg7 f6 23. Nf3 $40 {Sasikiran,K (2700)-Ponomariov,R 
(2723)/Zafra 2007/CBM 117 ext (1-0, 29)}) 22. Qg5 Re2 $17 {and the pressure
against the g2-square does not allow White to build up a serious attack.})
12... Qb8 $1 13. d4 {This is the idea behind the queen retreat, but the
exchanges that follow do not offer White an advantage.} b3 14. dxc5 bxc2 15.
Qxc2 Nb3 16. Ra3 Nxc5 {Black has the more compact structure and has a good
development. White could claim an advantage only if he manages to consolidate
the e4-pawn and advance the queenside pawns. If Black is in time to prevent
this plan with ...a5, the b3-square will be a permanent cause of worry for
White.} 17. Re1 $146 (17. Nd2 Qb7 18. Re1 a5 19. f3 O-O 20. Nc4 Qa6 (20... Rfe8
21. Be3 Qc6 22. b4 $5 axb4 23. cxb4 Nxa4 24. Rc1 $44 {Mastrovasilis,D (2562)
-Kapnisis,S (2421)/Salonica 2006 (1/2-1/2, 55)}) 21. Ne3 Rfb8 22. Bd2 Qd3 23.
Rb1 Qxc2 24. Nxc2 Rb3 $15 {Berescu,A (2439)-Stevic,H (2514)/Djakovo 2005/CBM
106 ext (1/2-1/2, 45)}) (17. b4 Ne6 ({I do not see special reasons to refrain
from} 17... Ncxe4) 18. Be3 O-O 19. Nd2 c6 20. Nb3 d5 21. Nc5 Re8 22. f3 {
with some advantage for White, Becerra Rivero,J (2549)-Friedel,J (2453)/ICC
INT 2005/CBM 108 ext (1-0, 44)}) 17... O-O (17... a5 18. Bg5 $5) (17... Qb7 $1
18. Nd2 a5 {transposes into the above}) 18. Nd2 ({Why not} 18. b4 $1 {, if
allowed?}) 18... a5 $11 {Everything returns to the normal path now. Black is
absolutely OK.} 19. Nb3 {Quite unnatural. What is the knight doing here?} Ne6
20. Be3 c6 21. f3 Re8 22. Bf2 Qc7 23. Nd2 d5 24. Rb3 Nf4 25. exd5 N6xd5 $15 {
Black has met his opponent's contorted manoeuvres with simple central strategy
and has the better position. The next move is quite exotic.} 26. Kh2 {[%cal
Yc7h2]} Re6 (26... Nd3 $1 27. Qxd3 e4+ 28. Bg3 Qxg3+ 29. Kxg3 exd3 {Shirov
rejected this line because of} 30. Re4 {, overlooking that after} f5 $1 31. Rd4
g5 32. Rxd3 $2 {he has} Nf4 {/\...Re2, winning.}) 27. Bg3 Rg6 28. Nf1 h5 29. c4
Nb4 (29... h4 $1 30. cxd5 hxg3+ 31. Nxg3 Nxd5 $13) 30. Qf5 h4 31. Bxf4 exf4 32.
Nd2 Rd8 33. Ne4 $14 {White has avoided any danger on the kingside and his
position is easier to play already.} Re6 34. Qg5 f6 35. Qg4 Qf7 36. Qxh4 Nc2
37. Re2 Nd4 38. Rd2 Rxe4 39. fxe4 Qxc4 40. Rdd3 Re8 41. Qh5 Rf8 42. Rbc3 Qxa4
43. Qc5 Ne2 44. Rd7 Re8 45. Qh5 1-0

[Event "Paris FIDE GP"]
[Site "Elancourt"]
[Date "2013.09.25"]
[Round "4"]
[White "Dominguez Perez, Leinier"]
[Black "Giri, Anish"]
[Result "1-0"]
[WhiteElo "2757"]
[BlackElo "2737"]
[Annotator "Marin,M"]
[PlyCount "79"]
[EventDate "2013.09.22"]
[EventType "tourn"]
[EventRounds "11"]
[EventCountry "FRA"]
[EventCategory "20"]
[SourceTitle "CBM 157"]
[Source "ChessBase"]
[SourceDate "2013.11.12"]
[SourceVersion "1"]
[SourceVersionDate "2013.11.12"]
[SourceQuality "1"]
[WhiteClock "2:00:00"]
[BlackClock "2:00:00"]

1. e4 e5 2. Nf3 Nc6 3. Bb5 a6 4. Ba4 Nf6 5. O-O b5 6. Bb3 Bc5 7. Nc3 {An
over-ambitious move. White does not give up the standard plan based on c2-c3,
d2-d4 and Nb1-d2-f1(-e3-d5) at all. He actually aims to carry it out with a
gain of two tempi!. Indeed, Nc3-d5 is a much shorter route and then c3 and d4
might follow anyway. On the other hand, Nf1-e3 and especially Ne3-d5 are by
far not the only possibilities in the classical Ruy Lopez. The knight usually
goes to g3. Or if it gets to e3, it chooses the moment of moving to d5 with
greater care.} O-O 8. d3 h6 {A good prophylactic move.} (8... Bb7 {defines
Black's intentions on the queenside a bit too soon, allowing} 9. a4 (9. Bg5 h6
10. Bh4 {is not dangerous because of} Be7) 9... b4 (9... Na5 10. axb5 (10. Nxe5
Nxb3 11. cxb3 b4 {1/2 Polgar,J (2645)-Adams,M (2665)/Linares 1997/CBM 057/
[Psakhis,L] (25)}) 10... Nxb3 11. cxb3 axb5 12. Rxa8 Bxa8 13. Nxe5 d5 14. Bg5
Be7 15. Nxb5 dxe4 16. dxe4 Bxe4 17. Re1 (17. Nc3 Bb7 18. Re1 {1/2 Kasparov,G 
(2825)-Shirov,A (2710)/Linares 1998/CBM 064/[Wedberg] (22)}) 17... Qxd1 18.
Rxd1 Rb8 {1/2 Anand,V (2770)-Shirov,A (2710)/Linares 1998/CBM 064/[Wedberg] 
(44)}) 10. Nd5 (10. Ne2 d5 {1-0 Adams,M (2640)-Tomorhuyag,N (2305)/Moscow 1994/
CBM 044 ext/[Gagarin] (29)}) 10... Nxd5 11. Bxd5 d6 12. a5 Rb8 13. c3 (13. Be3
Bxe3 14. fxe3 Ne7 15. Bb3 Ng6 16. Qe1 {1/2 Adams,M (2680)-Emms,J (2530)/Hove
1997/CBM 061/[Hecht] (48)}) 13... bxc3 14. bxc3 Ne7 15. Bc4 {1/2 Short,N (2640)
-Onischuk,A (2585)/Wijk aan Zee 1995/CBM 045/[Konikowski] (77)}) ({Or if} 8...
d6 9. Bg5 h6 10. Bh4 {it would be not easy to rid himself of the pin, since} g5
11. Nxg5 {is devastating with the knight on c3.}) 9. Nd5 d6 10. c3 Rb8 {
Black remains flexible.} ({The hurried bishop development} 10... Bb7 {once
again causes some micro-problems after} 11. a4 Nxd5 12. Bxd5 Rb8 13. axb5 axb5
14. Qb3 b4 15. Be3 Bxe3 16. fxe3 bxc3 17. bxc3 Qe7 18. Qc2 Nd8 19. Rfb1 c6 20.
Bc4 $14 {with an enduring white initiative, Asrian,K (2602)-Fontaine,R (2537)/
Moscow 2005/CBM 106 (1-0, 34)}) 11. d4 (11. Ne3 {as played in Lahno,K (2500)
-Carlsen,M (2625)/Wijk aan Zee 2006/CBM 111/[Mikhalevski,V] (0-1, 31) does not
make so much sense if we think of White's philosophy of saving two tempi.})
11... Ba7 12. Be3 {Black has played flexibly so far, but now he has to release
the tension in the centre somehow, since the a7-bishop is sort of hanging.}
Nxd5 $146 ({Keeping the tension does not work, for instance:} 12... Re8 $2 13.
Nxf6+ Qxf6 14. Bd5 exd4 (14... Bd7 15. Bxc6 Bxc6 16. dxe5 $18) 15. Bxc6 dxe3
16. Bxe8 $18) (12... exd4 13. Nxd4 (13. cxd4 $5) 13... Nxd4 14. Bxd4 Bxd4 15.
Qxd4 c5 16. Nxf6+ Kh8 17. Qe3 Qxf6 18. Rad1 Bb7 19. f3 Rfe8 20. Qf2 a5 21. Bd5
$14 {[%csl Gd5,Gd6] Asrian,K (2611)-Yegiazarian,A (2534)/Yerevan 2005/CBM 107 
(1-0, 52)}) (12... Nxe4 13. Re1 Nf6 (13... exd4 14. Bxd4 $36 {leaves Black
hanging}) 14. Nxf6+ Qxf6 15. dxe5 dxe5 16. Bxa7 Nxa7 17. Nxe5 Nc6 18. Qh5 Nxe5
19. Qxe5 Qxe5 20. Rxe5 Bb7 {Akopian,V (2698)-Harikrishna,P (2650)/Sochi 2007/
CBM 118 (1/2, 25)} 21. Rae1 $5 $14 {Giri chose a third (and new) way of
releasing the tension.}) 13. Bxd5 Ne7 14. dxe5 {Dominguez confessed that he
did not really believe that Black could play this way, so he did not hesitate
too much (seven minutes only) before grabbing the pawn} ({Otherwise, he might
have chosen the solid.} 14. Bb3) 14... Bxe3 15. fxe3 Nxd5 16. exd5 {But on
this move he spent almost half an hour, having finaly understood that Giri's
preparation was entirely sound.} ({Actually,} 16. Qxd5 Bb7 {does not look like
a tempting alternative for White.}) 16... dxe5 17. Nxe5 {After another ten
minutes.} (17. e4 Qd6 {followed by either ...f5 or ...c6 leaves Black with
comfortable play.}) 17... Bb7 18. Qd4 (18. e4 Qe7 19. Qd4 Rfe8 20. Nd3 (20.
Nxf7 Qxe4) 20... Qxe4 21. Qxe4 Rxe4 22. Nc5 Re2 23. Nxb7 Rxb7 24. Rf2 Rxf2 25.
Kxf2 Rb6 $11) 18... Re8 $1 {The clearest way to equality. Black should not
hurry to retrieve the pawn,.} (18... Qxd5 $2 {is simply bad} 19. Qxd5 Bxd5 20.
Nd7 $18) (18... Bxd5 {allows White to maintain some pressure with} 19. Rad1 Be6
20. Nc6 Qxd4 21. cxd4 Rbe8 22. b3) 19. Rad1 Qg5 {The most accurate move.} (
19... Qe7 {allows White to retain some initiative:} 20. Nd3 Qxe3+ 21. Qxe3 Rxe3
22. Nc5 Bc8 23. d6 $36) 20. Nc6 ({With the queen on g5,} 20. Nd3 $2 {is bad
already on account of} Bxd5) 20... Bxc6 21. dxc6 {So far, Giri had played very
quickly, but now he faced problems remembering his analysis. He was sure that
at some point there was a rook lift on the sixth rank, so after a bit more
than ten minutes he played:} Rb6 $2 ({As pointed out by Dominguez} 21... Rxe3 {
would have equalised. Giri feared} 22. Rfe1 {but Black seems to be OK:} Rxe1+ (
22... Rbe8 $2 23. Rxe3 Qxe3+ 24. Qxe3 Rxe3 25. Rd8+ Kh7 26. Rd7) 23. Rxe1 Qg6
24. Qd7 {and maybe it is only at this point that Giri had analysed the rook
lift} Rb6 $11) 22. Rf3 $1 $16 {It suddenly appears that the threat ...Rxc6 is
relative.} Rxc6 {After the blunder, Giri took more than an hour looking for a
way to get some saving chances.} ({He mentioned briefly} 22... h5 {, but there
are many ways to deal with it. One of them would be:} 23. Qd7 Qe7 24. Qxe7 Rxe7
25. Rd8+ Kh7 26. Rd7 Rxd7 27. cxd7 Rd6 28. Rxf7 Kg6 29. d8=Q Rxd8 30. Rxc7 Rd1+
31. Kf2 Rd2+ 32. Kf3 Rxb2 33. Rc6+ Kf7 34. Rxa6 $18) 23. Qd7 Rce6 24. Qxf7+ Kh7
25. Rg3 R8e7 26. Qxe6 Rxe6 27. Rxg5 hxg5 28. Kf2 {White is a pawn up, has the
better structure and controls the open d-file. The rest is a matter of pure
technique.} Kg6 29. Rd5 Rf6+ 30. Ke2 c6 31. Rc5 Kh5 32. e4 Kg4 33. Ke3 Re6 34.
h3+ Kh4 35. g3+ Kxh3 36. Rxg5 g6 37. e5 Kg2 38. Ke4 Kf2 39. Rg4 Kg2 40. Rf4 1-0

[Event "Candidates sf"]
[Site "Elista"]
[Date "2007.05.29"]
[Round "1.3"]
[White "Adams, Michael"]
[Black "Shirov, Alexei"]
[Result "1/2-1/2"]
[WhiteElo "2734"]
[BlackElo "2699"]
[Annotator "Marin,M"]
[PlyCount "51"]
[EventDate "2007.05.27"]
[EventType "k.o."]
[EventRounds "12"]
[EventCountry "RUS"]
[SourceTitle "CBM 119"]
[Source "ChessBase"]
[SourceDate "2007.08.01"]
[SourceVersion "1"]
[SourceVersionDate "2007.08.01"]
[SourceQuality "1"]

1. e4 e5 2. Nf3 Nc6 3. Bb5 a6 4. Ba4 Nf6 5. O-O b5 6. Bb3 Bc5 7. a4 Rb8 8. c3
d6 9. d4 Bb6 10. axb5 axb5 11. Qd3 $5 {This early development of the queen is
not considered to be the main continuation, but has caused Black certain
problems lately. Adams' desire to check whether Shirov had done his homework
properly is quite understandable.} (11. Na3 {is a more common way to attack
the b5-pawn, see Dominguez-Shirov, Foros 2007, from this same issue of CBM.})
11... O-O 12. Bg5 ({Shirov had faced the obviously premature} 12. Qxb5 {
no less than 10 years ago.} Qe8 $1 {This slightly unusual move defends the
knight, threatens ...Nxd4 and if Qxe8 then ...Nxf3+ and increases the pressure
against the e4-pawn at the same time.} 13. Qd3 exd4 14. cxd4 Nxe4 $5 ({In the
game} 14... Nxd4 $11 {was played. Black retrieved the pawn and had no problems
at all, but White overpressed and eventually lost, Kupreichik,V (2500)-Shirov,
A (2700)/Germany 1997/GER-chT (0-1, 48)}) 15. Re1 Bf5 16. Nc3 Nxd4 $1 17. Nxe4
(17. Nxd4 Nxf2 18. Qd2 Qxe1+ 19. Qxe1 Bxd4 20. Be3 Nd3 21. Qd2 Bxe3+ 22. Qxe3
Rxb3 $15 {Shirov}) 17... Nxb3 18. Nf6+ gxf6 19. Qxf5 Qc8 20. Qxf6 Qg4 $1 (20...
Nxa1 $2 21. Re4 $18 {Shirov}) 21. Ra4 $5 Qxa4 22. Qg5+ Kh8 23. Qf6+ Kg8 $11 {
Shirov}) 12... exd4 {It seems that Black should give up the tension in the
centre before chasing the bishop away.} ({In case of} 12... h6 13. Bxf6 $1 (13.
Bh4 {is rather inoffensive:} g5 14. Bg3 Qe7 15. Nbd2 Bd7 16. Rfe1 Nh5 $132 {
Sokolov,A (2585)-Swinkels,R (2428)/Cappelle la Grande 2007/CBM 117 ext (1-0,
52). with a stable position for Black.}) 13... Qxf6 {White can capture the
pawn with} 14. Qxb5 {already. In practice, Black has failed to prove entirely
adequate compensation for the pawn.} Ne7 (14... Na7 {wins a tempo but places
the knight in a rather passive position.} 15. Qa4 g5 {Aimed to question
White's supremacy in the centre, rather than initiating a real attack. However,
the weaknesses along the f-file will most probably tell in the future.} 16.
Nbd2 g4 17. dxe5 dxe5 18. Ne1 Nc6 19. Bd5 Ne7 20. Nc4 c6 21. Nxb6 Rxb6 22. Bc4
Rxb2 23. Nd3 Rd2 24. Ra2 Rxa2 25. Qxa2 Ng6 26. f3 $14 {Negi,P (2538)-Lahno,K 
(2459)/New Delhi 2006/CBM 115 ext (1/2-1/2, 56)}) (14... Na5 15. Bd5 Bg4 16.
dxe5 dxe5 17. Nxe5 $1 $14 {Shabalov,A (2593)-Ganguly,S (2596)/Edmonton 2005/
CBM 107 ext (1-0, 37)}) 15. Nbd2 Ng6 {This leads to a harmonious development
for Black, but does not provide anything in exchange for the sacrificed pawn.}
16. Kh1 Nf4 17. g3 Ng6 18. Qd3 exd4 19. cxd4 c5 20. dxc5 Bxc5 21. Kg2 Bg4 22.
Ra2 $14 {Dvoirys,S (2534)-Mkrtchian,L (2458)/Chelyabinsk 2007/CBM 117 ext (1-0,
65). and White has a stable position with reasonable chances to keep and
convert his minimal material advantage.}) 13. cxd4 h6 14. Bh4 ({Now,} 14. Bxf6
$6 Qxf6 15. Qxb5 {is simply bad because of} Nxd4 $15) 14... g5 $5 $146 {
A very direct approach.} ({Previously} 14... Bg4 {has been played, but it has
not prevented White from consolidating his centre:} 15. Nbd2 g5 (15... Bh5 16.
Qc3 Qe8 17. Bxf6 gxf6 18. Rfc1 Ne7 19. e5 $16 {Felgaer,R (2556)-Swinkels,R 
(2428)/Catalan Bay 2007 (1-0, 60)}) 16. Bg3 Bh5 17. d5 Ne7 18. Nd4 $14 {
Rodriguez Cespedes,A (2484)-Suarez Pousa,D (2396)/Mondariz Balneario 2002/CBM
090 ext (1/2-1/2, 55)}) 15. e5 {This move leads to a forced draw. It is not
clear whether Adams missed some defensive resource of his opponent or he
simply considered the alternatives to be too dangerous against a well prepared
opponent.} (15. Nxg5 hxg5 16. Bxg5 {looks dubious because after} Nxd4 {Black
has excellent central control, preventing White from increasing his pressure
against the f6-knight.}) ({The critical line is probably} 15. Bg3 {when Black
might have to proceed with} g4 {in order to justify his previous play.} (15...
d5 16. exd5 Nxd5 17. Nc3 $14 {with a normal development for White, while the
black king is exposed.}) 16. Bh4 $5 ({The tempting} 16. e5 $6 gxf3 17. Qg6+ Kh8
18. Qxh6+ Nh7 19. Bh4 {ismet by the unexpected} Nxd4 $1 {(/\...Nf5) for
instance} 20. Bxd8 Ne2+ 21. Kh1 fxg2+ 22. Kxg2 Rg8+ $40 {and the king has to
step forward into the fire, because} 23. Kh1 $2 {leads to mate after} Bb7+ 24.
f3 Bxf3+ $1)) 15... gxh4 16. Qg6+ Kh8 17. Qxh6+ (17. Qxf6+ Qxf6 18. exf6 Nxd4
$17) 17... Nh7 18. Bc2 f5 19. exf6 Rf7 20. Ng5 Qxf6 21. Nxf7+ (21. Qxf6+ Rxf6
22. Bxh7 Nxd4 $15) 21... Qxf7 22. Bxh7 Qxh7 {Of all White's attacking pieces
there is only one left on board, but it is sufficient to force a draw by
perpetual.} 23. Qf8+ Qg8 24. Qh6+ Qh7 25. Qf8+ Qg8 26. Qh6+ 1/2-1/2